000 00626nam a2200241Ia 4500
003 OSt
005 20221006144621.0
006 a|||||r|||| 00| 0
007 ta
008 221006b |||||||| |||| 00| 0 eng d
020 _c
_39.95
024 _a12,142
037 _cTextual
040 _aEASL
_cEASL
_beng
041 _2eng
_aeng
082 _aV41y7N08, N6
100 _aWILBUR C Martin
245 0 _aChina in my life
_b Historical own history
260 _aLondon
_bM E Sharpe
_c1996
300 _a324p.
_ccm.
942 _hV41y7N08, N6
_cTEXL
_2CC
999 _c1080228
_d1080228